| 000 | 00550nam a2200181Ia 4500 | ||
|---|---|---|---|
| 003 | GCL | ||
| 008 | 140319s9999 xx 000 0 ara d | ||
| 040 |
_aGCL / _cGCL |
||
| 082 | 0 | 4 |
_a344.01 _bا م |
| 100 | 1 | _aاحمد حسن البرعى | |
| 245 | 1 | 0 |
_aالمذكرة الايضاحية لمشروع قانون العمل / _cاحمد حسن البرعى |
| 300 | _a112 ص | ||
| 490 |
_aكتاب الاقتصادى _v0 |
||
| 650 | 0 | 4 | _aالقانون |
| 650 | 0 | 4 | _aالعمل والعمال |
| 650 | 0 | 4 | _aقانون العمل |
| 942 |
_2ddc _cBK |
||
| 999 |
_c51743 _d51743 |
||